000 00912nam a22003137a 4500
001 BR0504248
003 BR-BrBNA
005 20230928102017.0
007 ta
008 230509b bl.||||| |||| 00| 0 por d
040 _aBR-BrBNA
_bpor
_cBiblioteca Nacional de Agricultura
041 _a(Por)
072 _aE14; S40
090 _ E14 BR0504248
100 1 _aGonçalves, B.S.
245 1 _aO compromisso das empresas com o combate ao desperdício de alimentos; banco de alimentos, colheita urbana e outras ações
260 3 _aSão Paulo, SP (Brasil):
_c2005.
300 _a80 p.
650 _aALIMENTO
650 _aPROJETO DE DESENVOLVIMENTO
650 _aDESPERDÍCIO
650 _aSEGURANÇA ALIMENTAR
650 _aFOME
650 _aDEFICIÊNCIA NUTRICIONAL
650 _aERRADICAÇÃO
650 _aCOOPERAÇÃO INTERNACIONAL
909 _a202309
_bLucia
_c55
_dLucia Elande
942 _cBK
999 _c68687
_d68687